[Event "CAT-ch Open-Women 2019"]
[Site "Platja de la Pineda"]
[Date "2019.04.21"]
[Round "6.1"]
[White "Martin Barcelo, Carles"]
[Black "Chueca Forcen, Alberto"]
[Result "0-1"]
[WhiteElo "2030"]
[BlackElo "2270"]
[Annotator "NA"]
[PlyCount "72"]
[EventDate "2019.04.18"]
[EventType "swiss"]
[EventCountry "ESP"]
[SourceTitle "playchess.com"]
[Source "ChessBase"]
[SourceQuality "1"]
[TimeControl "5400+30"]

1. e4 Nf6 2. e5 Nd5 3. d4 d6 4. c4 Nb6 5. exd6 exd6 6. Nc3 Be7 7. Be3 O-O 8. Qf3 c6 9. Bd3 d5 10. cxd5 Nxd5 11. Nxd5 Qxd5 12. Qxd5 cxd5 13. Ne2 Nc6 14. Rc1 Be6 15. Kd2 h6 16. Rhd1 Rfc8 17. Ke1 Kf8 18. h3 Ke8 19. Nc3 Na5 20. Na4 Nc4 21. Rc2 Nxe3 22. fxe3 Rxc2 23. Bxc2 Kd7 24. Nc5+ Bxc5 25. dxc5 Kc6 26. b4 Kb5 27. Rb1 Rd8 28. Bd3+ Kc6 29. Kd2 d4 30. exd4 Rxd4 31. Ke3 Rxd3+ 32. Kxd3 Bf5+ 33. Kc4 Bxb1 34. b5+ Kd7 35. a4 Ba2+ 36. Kd4 b6 0-1

[Event "CAT-ch Open-Women 2019"]
[Site "Platja de la Pineda"]
[Date "2019.04.21"]
[Round "6.2"]
[White "Moskalenko, Viktor"]
[Black "Perez Mitjans, Orelvis"]
[Result "0-1"]
[WhiteElo "2515"]
[BlackElo "2377"]
[Annotator "ChessBase"]
[PlyCount "57"]
[EventDate "2019.04.18"]
[EventType "swiss"]
[EventCountry "ESP"]
[SourceTitle "playchess.com"]
[Source "ChessBase"]
[SourceQuality "1"]
[TimeControl "5400+30"]

1. d4 g6 2. e4 Bg7 3. Nc3 c6 4. Nf3 d5 5. exd5 cxd5 6. Bf4 Nf6 7. Qd2 O-O 8. Ne5 Nc6 9. O-O-O Be6 10. f3 Qa5 11. g4 Rfc8 12. Kb1 Nd7 13. Nxc6 bxc6 14. h4 c5 15. Nxd5 Qd8 16. Nc7 Rxc7 17. d5 Rb7 18. b3 Bxg4 19. fxg4 a5 20. a4 c4 21. Bxc4 Nc5 22. Qe3 Nxa4 23. Be5 Bxe5 24. Qxe5 Qd6 25. Qxd6 exd6 26. Rd4 Nc5 27. h5 a4 28. hxg6 fxg6 29. Rh3 0-1

[Event "CAT-ch Open-Women 2019"]
[Site "Platja de la Pineda"]
[Date "2019.04.21"]
[Round "6.2"]
[White "Garcia De Blas, Esteban"]
[Black "Garcia Jimenez, Francisco Javier"]
[Result "1/2-1/2"]
[WhiteElo "1989"]
[BlackElo "2254"]
[Annotator "NA"]
[PlyCount "107"]
[EventDate "2019.04.18"]
[EventType "swiss"]
[EventCountry "ESP"]
[SourceTitle "playchess.com"]
[Source "ChessBase"]
[SourceQuality "1"]
[TimeControl "5400+30"]

1. d4 Nf6 2. Nf3 c5 3. c3 d5 4. g3 Nc6 5. Bg2 Bf5 6. O-O e6 7. Nbd2 cxd4 8. Nxd4 Nxd4 9. cxd4 Bd6 10. Nb1 O-O 11. Nc3 a6 12. Bg5 Be7 13. e3 b5 14. Bxf6 Bxf6 15. Qd2 Qb6 16. Rfc1 Rfc8 17. Ne2 Be7 18. Rxc8+ Rxc8 19. Rc1 Rc4 20. Bf1 f6 21. Nc3 Rc6 22. Bd3 Bxd3 23. Qxd3 f5 24. Qd1 Rc4 25. b3 Rc7 26. Ne2 Kf7 27. Rxc7 Qxc7 28. Qc1 Qa5 29. Qc2 Qe1+ 30. Kg2 g5 31. Nc1 b4 32. Nd3 Qc3 33. Ne5+ Kf6 34. Qe2 Bd6 35. Qh5 Bxe5 36. Qh6+ Kf7 37. dxe5 Qxe5 38. Qxh7+ Qg7 39. Qh5+ Kf6 40. Qe2 Qb7 41. Kg1 Qc6 42. Qh5 g4 43. Qh8+ Kf7 44. Qh7+ Ke8 45. Qa7 Qd6 46. Qh7 Kd8 47. Kg2 Qc6 48. Kg1 Qd7 49. Qh8+ Kc7 50. h4 gxh3 51. Qxh3 d4 52. exd4 Qxd4 53. Qh7+ Kd6 54. Qb7 1/2-1/2

[Event "CAT-ch Open-Women 2019"]
[Site "Platja de la Pineda"]
[Date "2019.04.21"]
[Round "6.3"]
[White "Munoz, Miguel"]
[Black "Ayats Llobera, Gerard"]
[Result "1-0"]
[WhiteElo "2509"]
[BlackElo "2363"]
[Annotator "TA"]
[PlyCount "95"]
[EventDate "2019.04.18"]
[EventType "swiss"]
[EventCountry "ESP"]
[SourceTitle "playchess.com"]
[Source "ChessBase"]
[SourceQuality "1"]

{[%evp 11,95,27,41,37,33,21,33,31,40,21,28,16,22,20,229,61,47,56,69,24,9,0,76,74,54,9,93,85,100,102,88,75,75,75,72,65,64,64,303,318,306,310,304,280,376,318,318,318,356,355,326,357,348,333,520,525,501,504,747,741,5780,763,754,750,4352,3381,2765,2474,1846,1537,1155,773,4701,5293,3283,2624,29984,29985,29989,29990,29990,29991,29991,29992,29992,29992]} 1. e4 Nf6 2. e5 Nd5 3. d4 d6 4. Nf3 g6 5. Be2 Bg7 6. c4 Nb6 7. exd6 {B04: Alekhine's Defence: 4 Nf3} cxd6 8. Na3 O-O 9. O-O {White is slightly better.} Bg4 10. Bg5 Qd7 11. Re1 e6 12. Qd2 d5 $2 (12... Nc6 $11 {and Black is okay.}) 13. c5 $2 (13. Ne5 $18 Bxe5 14. dxe5 (14. Bxg4 Bg7 $14)) 13... Bxf3 $14 14. Bxf3 Nc8 {[#]} 15. Nc2 $146 b6 16. Bh6 Ne7 (16... Bxh6 $11 17. Qxh6 Ne7) 17. Bxg7 $16 Kxg7 18. Rab1 Nbc6 (18... a5 $11 {keeps the balance.}) 19. b4 $36 {[%mdl 2048] White has strong initiative.} b5 20. a4 a6 21. axb5 axb5 22. Ra1 Qb7 23. Be2 Rxa1 24. Rxa1 Ra8 $2 ({Black should play} 24... h5 $14) 25. Rxa8 $18 {[%mdl 64] Overworked Piece} Qxa8 26. Bxb5 Qa2 {[#]} 27. Qc3 $1 e5 28. dxe5 d4 {[#]} 29. Qd2 $1 (29. Nxd4 Nd5 $14) 29... Nxb4 30. Qxb4 Qxc2 31. Qxd4 {e6+ is the strong threat.} Nf5 32. Qd5 Ne7 (32... Qc3 $142 33. Bc4 Qa1+ 34. Bf1 Nd4) 33. Qd6 Nf5 34. Qf6+ Kh6 35. c6 Qd1+ 36. Bf1 Nd4 37. g3 Nf3+ 38. Kg2 Ne1+ 39. Kh3 Nf3 40. Bc4 Qh1 41. c7 ({And not} 41. Qf4+ Ng5+ 42. Kg4 f5+ 43. exf6 Qd1+ 44. f3 Qd7+ 45. cxd7 $11 (45. Be6 $2 {is a self mate.} Qxe6+ 46. Qf5 Qxf5+ 47. Kh4 Nxf3#)) 41... Qxh2+ {[#]} 42. Kg4 $1 {White threatens Qf4+ and mate.} Qh5+ 43. Kf4 Nh2 44. Ke4 {White mates.} ({Weaker is} 44. Be2 Qxe2 45. Qh4+ Kg7 $11) 44... Qd1 45. c8=Q Qe1+ 46. Kd5 {[%cal Rc8h3]} Qa5+ 47. Kc6 {[%cal Rc8h3]} Qa4+ 48. Bb5 {Accuracy: White = 64%, Black = 53%.} 1-0

[Event "CAT-ch Open-Women 2019"]
[Site "Platja de la Pineda"]
[Date "2019.04.21"]
[Round "6.3"]
[White "Jul Perez, Alberto"]
[Black "Bravo Barranco, Narciso"]
[Result "1/2-1/2"]
[WhiteElo "1945"]
[BlackElo "2252"]
[Annotator "NA"]
[PlyCount "88"]
[EventDate "2019.04.18"]
[EventType "swiss"]
[EventCountry "ESP"]
[SourceTitle "playchess.com"]
[Source "ChessBase"]
[SourceQuality "1"]
[TimeControl "5400+30"]

1. e4 d5 2. exd5 Qxd5 3. Nc3 Qd6 4. Nf3 Nf6 5. d3 c6 6. g3 Bg4 7. h3 Bh5 8. g4 Bg6 9. Bg2 h6 10. Be3 e6 11. Qd2 Qc7 12. a3 Nbd7 13. Nd4 Bc5 14. O-O-O O-O-O 15. Nb3 Bxe3 16. Qxe3 Kb8 17. f4 Rhe8 18. Rhf1 Nd5 19. Nxd5 exd5 20. Qf2 Re7 21. Rde1 Rde8 22. Rxe7 Rxe7 23. Kd2 f6 24. f5 Bf7 25. d4 Qh2 26. Qf4+ Qxf4+ 27. Rxf4 Nb6 28. Na5 Kc7 29. b4 Nc8 30. Bf1 Nd6 31. Bd3 b6 32. Nb3 Nc4+ 33. Bxc4 dxc4 34. Nc1 c3+ 35. Kd3 Re1 36. Ne2 Ra1 37. Nxc3 Bd5 38. Nxd5+ cxd5 39. h4 Rxa3+ 40. c3 Ra2 41. g5 Rg2 42. gxh6 Rg3+ 43. Kc2 gxh6 44. b5 h5 1/2-1/2

[Event "CAT-ch Open-Women 2019"]
[Site "Platja de la Pineda"]
[Date "2019.04.21"]
[Round "6.4"]
[White "Fernandez Diaz, Cristian"]
[Black "Pla Almenar, Nel"]
[Result "1-0"]
[WhiteElo "2237"]
[BlackElo "2006"]
[Annotator "NA"]
[PlyCount "135"]
[EventDate "2019.04.18"]
[EventType "swiss"]
[EventCountry "ESP"]
[SourceTitle "playchess.com"]
[Source "ChessBase"]
[SourceQuality "1"]
[TimeControl "5400+30"]

1. Nf3 Nf6 2. c4 g6 3. b3 Bg7 4. Bb2 d6 5. d4 O-O 6. g3 e5 7. dxe5 Nfd7 8. Bg2 dxe5 9. Nc3 f5 10. O-O Nc6 11. Qc1 e4 12. Ng5 Nf6 13. Rd1 Qe7 14. h4 Ne5 15. a4 c5 16. a5 a6 17. Nd5 Nxd5 18. cxd5 Rd8 19. Ba3 Bf8 20. Qc3 h6 21. Nh3 Ng4 22. Rac1 Nf6 23. Nf4 Kh7 24. h5 Nxh5 25. Nxh5 gxh5 26. Qe3 Qg5 27. Qc3 Bd7 28. Bxc5 Bxc5 29. Qxc5 Rac8 30. Qa3 h4 31. Rxc8 Rxc8 32. Qd6 Bb5 33. Qe6 Rg8 34. Bh3 Rf8 35. Qd6 Rf7 36. Qe6 Rf8 37. Qd6 Rf7 38. e3 hxg3 39. Qxg3 Qh5 40. Rc1 Rg7 41. Rc7 Bd7 42. Rxd7 Rxd7 43. Kh2 Rxd5 44. Qc7+ Kg8 45. Qc8+ Kg7 46. Qxb7+ Qf7 47. Qxa6 Rd2 48. Kg3 Kh7 49. Qf1 Qg6+ 50. Kh2 Qd6+ 51. Kg2 Rd1 52. Bxf5+ Kh8 53. Qc4 Qf6 54. Qxe4 Qg7+ 55. Kf3 Rd8 56. Qf4 Rf8 57. e4 Ra8 58. b4 Rd8 59. Qe3 h5 60. a6 Rf8 61. Qf4 Qc3+ 62. Qe3 Qg7 63. Ke2 Qb2+ 64. Qd2 Qf6 65. b5 Rd8 66. Qe3 Qb2+ 67. Kf3 Kg7 68. Qg5+ 1-0

[Event "CAT-ch Open-Women 2019"]
[Site "Platja de la Pineda"]
[Date "2019.04.21"]
[Round "6.4"]
[White "Ventura Bolet, Alexandre"]
[Black "Gonzalez Garcia, Jose"]
[Result "0-1"]
[WhiteElo "2191"]
[BlackElo "2492"]
[Annotator "ChessBase"]
[PlyCount "114"]
[EventDate "2019.04.18"]
[EventType "swiss"]
[EventCountry "ESP"]
[SourceTitle "playchess.com"]
[Source "ChessBase"]
[SourceQuality "1"]
[TimeControl "5400+30"]

1. Nf3 d5 2. c4 d4 3. d3 Nc6 4. g3 e5 5. Bg2 Nf6 6. O-O Bc5 7. e3 dxe3 8. Bxe3 Bxe3 9. fxe3 e4 10. dxe4 Qxd1 11. Rxd1 Bg4 12. Nbd2 O-O-O 13. e5 Nd7 14. h3 Bxf3 15. Nxf3 Ndxe5 16. Nxe5 Nxe5 17. b3 c6 18. Kf2 Kc7 19. Ke2 Rde8 20. Rd4 Re7 21. Rad1 Rhe8 22. Kf2 a5 23. R1d2 Nd7 24. Rh4 h6 25. Rg4 f6 26. h4 g5 27. Rgd4 Nc5 28. Rd6 Rxe3 29. Rxf6 Nd3+ 30. Kg1 Rxg3 31. Kh2 Ree3 32. Rxh6 Ne5 33. Rh7+ Kb6 34. Bf1 Ng4+ 35. Kh1 Rgf3 36. Kg2 Rg3+ 37. Kh1 Re1 38. Rf7 Ne3 39. Rdf2 Rh3+ 40. Kg1 Rxh4 41. a3 Rg4+ 42. Kh2 Nxf1+ 43. Rxf1 Rxf1 44. Rxf1 Rf4 45. Rb1 Rf3 46. Kg2 Rc3 47. b4 Rxa3 48. bxa5+ Kc7 49. Rc1 Rxa5 50. c5 Ra3 51. Rc4 Rd3 52. Kf2 Rd5 53. Kg3 Re5 54. Kg4 b5 55. Rc1 Kb7 56. Rc2 Re4+ 57. Kxg5 Rc4 0-1

[Event "CAT-ch Open-Women 2019"]
[Site "Platja de la Pineda"]
[Date "2019.04.21"]
[Round "6.5"]
[White "Guerra Mendez, Jose Angel"]
[Black "Jimenez Ruano, Adrian"]
[Result "1-0"]
[WhiteElo "2531"]
[BlackElo "2287"]
[Annotator "TA"]
[PlyCount "81"]
[EventDate "2019.04.18"]
[EventType "swiss"]
[EventCountry "ESP"]
[SourceTitle "playchess.com"]
[Source "ChessBase"]
[SourceQuality "1"]

{[%evp 20,81,18,3,8,0,0,0,20,13,42,32,39,31,47,54,52,43,57,23,44,-14,60,58,54,43,64,48,56,54,58,41,128,125,189,157,275,275,275,307,275,282,302,314,297,273,530,530,530,530,522,489,763,759,876,1081,1307,1297,1296,961,1261,1256,1098,1095]} 1. e4 c5 2. Nf3 Nc6 3. d4 cxd4 4. Nxd4 Nf6 5. Nc3 e5 6. Ndb5 d6 7. Bg5 a6 8. Na3 b5 9. Nd5 Be7 10. Bxf6 Bxf6 11. c4 b4 {B33: Sicilian: Pelikan and Sveshnikov Variations} 12. Nc2 O-O (12... a5 13. g3 {½-½ (13) Nepomniachtchi,I (2763)-Carlsen,M (2835) St Petersburg 2018}) 13. g3 Be6 {The position is equal.} 14. Bg2 Rb8 15. Qd3 a5 16. O-O a4 $146 ({Predecessor:} 16... Bxd5 17. Qxd5 Qb6 18. b3 Nd4 19. Nxd4 exd4 20. Qh5 Rbc8 {½-½ (37) Renault,F (2037)-Jaulin,P (2087) France 2001}) 17. b3 Bxd5 18. cxd5 Na5 19. Bh3 Qc7 20. Rfc1 (20. bxa4 $14 Qc3 21. Qxc3 bxc3 22. Ne3) 20... Qc3 (20... Bg5 $11 21. Ne3 Qa7) 21. Qxc3 $14 bxc3 22. bxa4 Bg5 23. Ne3 Bxe3 24. fxe3 Rb4 25. Bd7 Rxe4 ({Black should try} 25... Nb7 $14) 26. Rxc3 $16 Rb8 (26... g6 $16) 27. Rac1 $18 {Intending Rc8+ and mate.} g6 {[#]} (27... g5 $16 28. Rc7 Rxe3) 28. Bb5 $1 Nb7 29. Rc8+ Rxc8 30. Rxc8+ {[%mdl 4096] Endgame KRB-KRN} Kg7 31. Rc7 Nc5 32. a5 {Strongly threatening Rxc5!} Rb4 $2 {[#]} (32... Rxe3 33. a6 Re1+ 34. Kf2 Ra1) 33. Rxc5 $1 {[%mdl 512] White is clearly winning.} dxc5 {KR-KB} 34. a4 c4 35. Kf2 c3 (35... Rb2+ $142 36. Ke1 Rxh2) 36. Ke2 Rb1 37. Kd3 Rd1+ 38. Kc2 Rd2+ 39. Kc1 Rxd5 40. a6 Rd8 {[#]} 41. Bc6 $1 {Accuracy: White = 70%, Black = 35%.} 1-0

[Event "CAT-ch Open-Women 2019"]
[Site "Platja de la Pineda"]
[Date "2019.04.21"]
[Round "6.6"]
[White "Pena Morales, Hugo"]
[Black "Asis Gargatagli, Hipolito"]
[Result "1/2-1/2"]
[WhiteElo "2276"]
[BlackElo "2529"]
[Annotator "TA"]
[PlyCount "40"]
[EventDate "2019.04.18"]
[EventType "swiss"]
[EventCountry "ESP"]
[SourceTitle "playchess.com"]
[Source "ChessBase"]
[SourceQuality "1"]

{[%evp 23,38,7,12,16,19,11,14,23,16,18,14,10,18,0,0,0,18]} 1. e4 e5 2. Nf3 Nc6 3. Nc3 Nf6 4. d4 exd4 5. Nxd4 Bb4 6. Nxc6 bxc6 7. Bd3 O-O 8. O-O d5 9. exd5 cxd5 10. Bg5 c6 11. Qf3 Be7 12. Rfe1 Be6 13. h3 {C47: Scotch Four Knights and Four Knights with 4 g3} h6 14. Bf4 Bd6 15. Ne2 Rb8 16. b3 {The position is equal.} c5 17. c3 (17. Rad1 Re8 18. Bxd6 Qxd6 {½-½ (72) Yu,R (2558)-Parligras,M (2581) Albena 2015}) 17... Rb6 18. Ng3 Bxf4 19. Qxf4 Re8 {Predecessor:} 20. Rad1 $146 Qc8 {1-0 (31) Schoeller,W (2000)-Vogt,T (1980) Bayern 1998} 1/2-1/2

[Event "CAT-ch Open-Women 2019"]
[Site "Platja de la Pineda"]
[Date "2019.04.21"]
[Round "6.6"]
[White "Del Amo Carbo, Jordi"]
[Black "Ros Alonso, Joana"]
[Result "1-0"]
[WhiteElo "2175"]
[BlackElo "1954"]
[Annotator "NA"]
[PlyCount "123"]
[EventDate "2019.04.18"]
[EventType "swiss"]
[EventCountry "ESP"]
[SourceTitle "playchess.com"]
[Source "ChessBase"]
[SourceQuality "1"]
[TimeControl "5400+30"]

1. Nf3 Nf6 2. g3 g6 3. Bg2 Bg7 4. O-O d5 5. b3 c5 6. d4 Nc6 7. Bb2 O-O 8. dxc5 Qa5 9. Nbd2 Qxc5 10. Rc1 Rd8 11. Ne5 Bf5 12. Nxc6 bxc6 13. e3 Rac8 14. Qe2 a5 15. Rfd1 a4 16. c4 Qb6 17. Bd4 Qa6 18. b4 Bg4 19. f3 Bd7 20. a3 Ne8 21. Bxg7 Kxg7 22. Bf1 Nd6 23. c5 Qxe2 24. Bxe2 Nb5 25. Bxb5 cxb5 26. Nb1 Bc6 27. Kf2 e5 28. g4 g5 29. Nc3 Rd7 30. Ne2 Rcd8 31. Ng3 Kf6 32. Rd2 Ke6 33. Rh1 f6 34. h4 d4 35. e4 gxh4 36. Rxh4 Rf7 37. Ke2 Rdd7 38. Kd3 Ke7 39. Rdh2 Kf8 40. Rh6 Ke7 41. Nf5+ Ke6 42. g5 Rc7 43. gxf6 Rxf6 44. Rxh7 Rxh7 45. Rxh7 Rf7 46. Rxf7 Kxf7 47. f4 exf4 48. Nxd4 Be8 49. e5 Ke7 50. Ke4 f3 51. Kxf3 Kd8 52. Ke4 Kc7 53. e6 Bg6+ 54. Ke5 Be8 55. Kf6 Kd8 56. Nf5 Bc6 57. e7+ Kd7 58. Nd6 Kc7 59. e8=Q Bxe8 60. Nxe8+ Kd7 61. Nd6 Kc6 62. Ke6 {Kd5+} 1-0

[Event "CAT-ch Open-Women 2019"]
[Site "Platja de la Pineda"]
[Date "2019.04.21"]
[Round "6.7"]
[White "Oratovsky, Michael"]
[Black "Montilla Carrillo, Esteban"]
[Result "1-0"]
[WhiteElo "2455"]
[BlackElo "2178"]
[Annotator "TA"]
[PlyCount "77"]
[EventDate "2019.04.18"]
[EventType "swiss"]
[EventCountry "ESP"]
[SourceTitle "playchess.com"]
[Source "ChessBase"]
[SourceQuality "1"]

{[%evp 14,77,47,43,62,40,50,45,46,44,52,48,57,56,69,55,64,60,75,56,70,28,41,39,28,40,39,34,88,72,87,85,153,156,178,115,239,266,258,251,296,298,496,497,499,508,473,489,638,474,494,466,775,779,904,529,727,727,708,707,656,573,798,783,743,690]} 1. e4 c5 2. Nf3 d6 3. Bb5+ Nd7 4. O-O Ngf6 5. Re1 a6 6. Bf1 e6 7. c3 Be7 8. d4 Qc7 {B51: Sicilian: Moscow Variation (3 Bb5+) without 3...Bd7} (8... d5 9. e5 Ne4 10. Bd3 f5 11. exf6 Ndxf6 12. Nbd2 Nxd2 13. Bxd2 O-O 14. Bg5 Bd7 15. Qc2 h6 16. Bh4 {1-0 (51) Ulybin,M (2501)-Kevlishvili,R (2425) Amsterdam 2017}) 9. e5 dxe5 10. dxe5 Nd5 {White is slightly better.} 11. Qa4 $146 ({Predecessor:} 11. c4 Nb4 12. Bf4 b6 13. a3 Nc6 14. Nc3 {1-0 (40) Hautot,S (2331)-Papadiamandis,E (2149) Porto Carras 2018}) 11... Rb8 12. Qg4 Kf8 $1 13. Qg3 b5 14. h4 c4 15. Nbd2 {[%cal Bb1d2,Bd2e4,Be4d6][%mdl 32]} Nc5 16. h5 h6 17. Ne4 Bb7 18. Nd6 Rd8 {[%cal Rd8d6]} 19. Nxb7 ({Don't go for} 19. Nxf7 $2 Kxf7 20. Nd4 Kg8 $19) 19... Qxb7 20. Nd4 Rg8 (20... Kg8 $14) 21. Qf3 Ke8 22. b3 cxb3 (22... b4 $142) 23. axb3 $16 b4 24. c4 ({White should play} 24. Rxa6 $18 Nxa6 25. Bb5+ Rd7 26. c4) 24... Nc7 (24... Nc3 $16) 25. Qxb7 $18 Nxb7 26. Nc6 Rc8 27. g3 Kd7 $2 {[#]} (27... a5 28. Bg2 Nc5 29. Nxa5 Nd3) 28. Bg2 {White is clearly winning.} Bc5 29. Rd1+ Ke8 30. Bd2 Nd8 31. Nxb4 Bd4 32. Ra5 {[#] Nc6 is the strong threat.} Rb8 (32... g5 $142 33. Nc2 Bb6) 33. Be1 Bb6 34. Ra4 {And now Nc6 would win.} a5 35. Nc6 Nxc6 36. Bxc6+ Kf8 37. Bxa5 g6 38. Bb4+ Kg7 39. hxg6 {Played: Bb4-d6} 1-0

[Event "CAT-ch Open-Women 2019"]
[Site "Platja de la Pineda"]
[Date "2019.04.21"]
[Round "6.7"]
[White "Madria Garriga, Vidal"]
[Black "Hernando Rodrigo, Julio Antonio"]
[Result "0-1"]
[WhiteElo "2017"]
[BlackElo "2308"]
[Annotator "NA"]
[PlyCount "51"]
[EventDate "2019.04.18"]
[EventType "swiss"]
[EventCountry "ESP"]
[SourceTitle "playchess.com"]
[Source "ChessBase"]
[SourceQuality "1"]
[TimeControl "5400+30"]

1. d4 Nf6 2. Bf4 c5 3. e3 g6 4. Nc3 Bg7 5. h4 d5 6. Nb5 Na6 7. c3 Bd7 8. a4 O-O 9. Be2 h5 10. Be5 Qb6 11. Nh3 c4 12. Nf4 Bxb5 13. axb5 Qxb5 14. b4 Rad8 15. Ra5 Qc6 16. Qa1 Nc7 17. Rc5 Qa6 18. Ra5 Qb6 19. Bxc7 Qxc7 20. Rxa7 e5 21. Nh3 exd4 22. exd4 Rfe8 23. Kf1 Ne4 24. Ra2 Bh6 25. Kg1 Bd2 26. Rc2 0-1

[Event "CAT-ch Open-Women 2019"]
[Site "Platja de la Pineda"]
[Date "2019.04.21"]
[Round "6.8"]
[White "Garcia Ramos, Daniel"]
[Black "Barbero Sendic, Alejandro"]
[Result "1/2-1/2"]
[WhiteElo "2286"]
[BlackElo "2361"]
[Annotator "NA"]
[PlyCount "78"]
[EventDate "2019.04.18"]
[EventType "swiss"]
[EventCountry "ESP"]
[SourceTitle "playchess.com"]
[Source "ChessBase"]
[SourceQuality "1"]
[TimeControl "5400+30"]

1. e4 e6 2. d4 d5 3. Bd3 dxe4 4. Bxe4 Nf6 5. Bf3 c5 6. Ne2 Nc6 7. Be3 cxd4 8. Nxd4 Ne5 9. Nc3 a6 10. Qe2 Nxf3+ 11. Qxf3 e5 12. Nb3 Bb4 13. Bc5 Bxc5 14. Nxc5 Qc7 15. Nb3 O-O 16. O-O Bg4 17. Qe3 Bf5 18. Qe2 b5 19. a3 Rfe8 20. Rad1 Bg6 21. h3 Nh5 22. g3 e4 23. Nd5 Qe5 24. Rd4 Rac8 25. c3 Qe6 26. Kh2 f5 27. Qe3 Bf7 28. Nc1 h6 29. Ne2 Rc5 30. Rfd1 Qe5 31. Nb6 Nf6 32. Nd7 Nxd7 33. Rxd7 Rc7 34. Qb6 Rxd7 35. Rxd7 e3 36. Qxe3 Qxe3 37. fxe3 Rxe3 38. Rd2 g5 39. Nd4 Be6 1/2-1/2

[Event "CAT-ch Open-Women 2019"]
[Site "Platja de la Pineda"]
[Date "2019.04.21"]
[Round "6.8"]
[White "Boixader Arbo, Xavier"]
[Black "Barberans Sola, Sebastia"]
[Result "1-0"]
[WhiteElo "2154"]
[BlackElo "1935"]
[Annotator "NA"]
[PlyCount "79"]
[EventDate "2019.04.18"]
[EventType "swiss"]
[EventCountry "ESP"]
[SourceTitle "playchess.com"]
[Source "ChessBase"]
[SourceQuality "1"]
[TimeControl "5400+30"]

1. e4 e6 2. d3 d5 3. Qe2 Nf6 4. Nf3 Be7 5. g3 c5 6. Bg2 Nc6 7. O-O O-O 8. e5 Nd7 9. c4 dxc4 10. dxc4 Nd4 11. Nxd4 cxd4 12. Bf4 Qb6 13. h4 f6 14. exf6 Bxf6 15. Na3 e5 16. Bd5+ Kh8 17. Bd2 e4 18. Nb5 a6 19. Bb4 Nc5 20. Bxe4 Re8 21. Qh5 Rxe4 22. Bxc5 Qc6 23. Nd6 Bh3 24. Nxe4 Bxf1 25. Rxf1 Qxe4 26. Qd5 Re8 27. Qxe4 Rxe4 28. Rd1 g6 29. b3 Kg8 30. Kf1 Re8 31. Re1 Rc8 32. Be7 Kf7 33. Bxf6 Kxf6 34. Ke2 Re8+ 35. Kd2 Rxe1 36. Kxe1 Kf5 37. f3 h5 38. Ke2 g5 39. hxg5 Kxg5 40. Kd3 1-0

[Event "CAT-ch Open-Women 2019"]
[Site "Platja de la Pineda"]
[Date "2019.04.21"]
[Round "6.9"]
[White "Ruperez, Miguel"]
[Black "Esplugas Esteve, Vicenc"]
[Result "0-1"]
[WhiteElo "2168"]
[BlackElo "2297"]
[Annotator "NA"]
[PlyCount "112"]
[EventDate "2019.04.18"]
[EventType "swiss"]
[EventCountry "ESP"]
[SourceTitle "playchess.com"]
[Source "ChessBase"]
[SourceQuality "1"]
[TimeControl "5400+30"]

1. d4 e6 2. c4 b6 3. Nc3 Bb7 4. a3 f5 5. f3 g6 6. Nh3 Bg7 7. e3 Nf6 8. Be2 O-O 9. O-O Qe7 10. Nf2 c5 11. d5 exd5 12. cxd5 d6 13. Nh3 Na6 14. Nf4 Nc7 15. h4 a6 16. a4 Nd7 17. g3 Ne5 18. Qb3 Rfb8 19. e4 b5 20. exf5 gxf5 21. axb5 axb5 22. Rxa8 Bxa8 23. Rd1 b4 24. Na4 Nb5 25. Ne6 Nd4 26. Nxd4 cxd4 27. Kg2 Ng4 28. Bc4 Ne5 29. Bf1 Qa7 30. Bf4 Qf7 31. Rxd4 Nxf3 32. Rxb4 Rxb4 33. Qxb4 Bxd5 34. Qb8+ Bf8 35. Bxd6 Nxh4+ 36. Kf2 Ng6 37. Bxf8 Nxf8 38. Nb6 Be6 39. Bd3 Qf6 40. Qf4 Qxb2+ 41. Kf1 Qxb6 42. Qg5+ Ng6 43. g4 Qd4 44. Bxf5 Bxf5 45. Qxf5 Qf4+ 46. Qxf4 Nxf4 47. Kf2 Kg7 48. Kf3 Ng6 49. g5 Nf8 50. Kg4 Kg6 51. Kh4 Ne6 52. Kg4 Nxg5 53. Kh4 Nf7 54. Kg4 Nd6 55. Kf4 h5 56. Ke5 Kg5 0-1

[Event "CAT-ch Open-Women 2019"]
[Site "Platja de la Pineda"]
[Date "2019.04.21"]
[Round "6.9"]
[White "Ruiz Herrero, Victor"]
[Black "Garcia Espelta, Josep"]
[Result "1-0"]
[WhiteElo "1924"]
[BlackElo "2037"]
[Annotator "NA"]
[PlyCount "61"]
[EventDate "2019.04.18"]
[EventType "swiss"]
[EventCountry "ESP"]
[SourceTitle "playchess.com"]
[Source "ChessBase"]
[SourceQuality "1"]
[TimeControl "5400+30"]

1. e4 c5 2. Nf3 e6 3. d4 cxd4 4. Nxd4 a6 5. Nc3 Qc7 6. g3 Bb4 7. Bd2 Nf6 8. Bg2 Nc6 9. Nxc6 dxc6 10. O-O e5 11. Na4 Bxd2 12. Qxd2 b5 13. Nc5 Qe7 14. Qc3 O-O 15. Nd3 Re8 16. Qc5 Qe6 17. a4 Nd7 18. Qc3 Qc4 19. Ra3 Nb6 20. a5 Qxc3 21. Rxc3 Nc4 22. Ra1 Be6 23. b3 Nd6 24. Rxc6 Red8 25. Nxe5 Rac8 26. Rc1 Nb7 27. Rxa6 Bxb3 28. Nc6 Nc5 29. cxb3 Nxa6 30. Ne7+ Kf8 31. Nxc8 1-0

[Event "CAT-ch Open-Women 2019"]
[Site "Platja de la Pineda"]
[Date "2019.04.21"]
[Round "6.10"]
[White "Valenzuela Gomez, Fernando"]
[Black "Campos Cayuelas, Adria"]
[Result "1-0"]
[WhiteElo "2406"]
[BlackElo "2162"]
[Annotator "NA"]
[PlyCount "65"]
[EventDate "2019.04.18"]
[EventType "swiss"]
[EventCountry "ESP"]
[SourceTitle "playchess.com"]
[Source "ChessBase"]
[SourceQuality "1"]
[TimeControl "5400+30"]

1. d4 Nf6 2. c4 g6 3. Nc3 Bg7 4. e4 d6 5. Nf3 Bg4 6. Be2 O-O 7. Be3 Nfd7 8. Qd2 e5 9. d5 a5 10. h4 Na6 11. h5 Bxf3 12. gxf3 f6 13. hxg6 hxg6 14. O-O-O Kf7 15. f4 exf4 16. Bxf4 Rh8 17. Rhg1 Nac5 18. Bg4 Qe8 19. Rg2 Ne5 20. Be2 Rh4 21. f3 Qh8 22. Be3 Rh2 23. Rxh2 Qxh2 24. Kb1 Rh8 25. Nb5 Na6 26. c5 Bf8 27. c6 Qg2 28. cxb7 Be7 29. a3 Nxf3 30. Qc2 Ne5 31. Na7 Nc5 32. Bxc5 dxc5 33. d6 1-0